000 00712nam a2200253Ia 4500
003 OSt
005 20220918223225.0
006 a|||||r|||| 00| 0
007 ta
008 220917b |||||||| |||| 00| 0 eng d
024 _a221,565
037 _cTextual
040 _aARTS
_cARTS
_beng
041 _2eng
_aeng
082 _aRxN30:g, P3(MILSc)
100 _aRoyle Nicholas
_913775
245 0 _aJacques Derrida
260 _aLondon
_bRoutledge
_c2003
300 _axxii, 185p.
_ccm.
490 _aRoultledge critical thinkers essential guides for literary studies
650 _aPHILOSOPHY
942 _hRxN30:g, P3(MILSc)
_cTEXL
_2CC
999 _c277881
_d277881